The Thirteenth : Greatest of Centuries /

Guardat en:
Dades bibliogràfiques
Autor principal: Walsh, James J. (autor)
Format: Llibre
Idioma:anglès
Publicat: Nueva York, EUA : Catholic Summer School, 1920, c1907
Edició:6a edición
Matèries:
Etiquetes: Afegir etiqueta
Sense etiquetes, Sigues el primer a etiquetar aquest registre!

MARC

LEADER 00000nam^a2200000^a^4500
001 000580578
005 20250526000000.0
009 20260310132552.781
025 |a Donación Comunidad SJ Parroquia San Judas Torreón, 1 ejemplar 
037 |a Acervo Xavier Clavigero 
041 |a ING 
082 |a 940. 12  |b WAL 
100 |a Walsh, James J.  |e (autor) 
245 1 4 |a The Thirteenth :  |b Greatest of Centuries /  |c J.J. Walsh. 
250 |a 6a edición 
264 4 |a Nueva York, EUA :  |b Catholic Summer School,  |c 1920, c1907 
300 |a XXIX, 490 p., [57 láminas] 
336 |a texto  |b txt  |2 rdacontenido 
337 |a sin mediación  |b n  |2 rdamedio 
338 |a volumen  |b nc  |2 rdasoporte 
561 |a Ex libris de Domus Torreonensis S. Ignatii A. Loyola 
649 |a XX 
650 |a Iglesia -  |x Historia -  |y Edad Media 
650 |a Comercio -  |z Historia -  |y Siglo XIII 
650 |a Educación Superior -  |x Historia -  |y Siglo XIII 
650 |a Derecho Medieval -  |x Historia 
650 |a Política -  |x Historia -  |y Siglo XIII 
650 |a Literatura Medieval -  |x Historia y Crítica 
650 |a Pintura Medieval -  |x Historia y Crítica 
650 |a Arquitectura Medieval -  |x Historia y Crítica 
650 |a Arte Medieval -  |x Historia y Crítica 
650 |a Historia Universal 
650 |a Edad Media -  |x Historia -  |x Tema Principal 
650 |a Europa -  |x Historia -  |y Siglo XIII -  |x Tema Principal 
650 |a Europa -  |x Historia -  |y 476-1492 
910 |a Fondo General 
920 |a Impresos - Libros 
930 |a Libros Antiguos y Raros 
905 |a 108 
901 |a 0500410492  |b IT2  |c LRA  |i D7409  |u 20250526 
902 |a https://opac.biblio.iteso.mx/vufind/Record/000580578